[Event "Skalica op-B"]
[Site "Skalica"]
[Date "2023.08.20"]
[Round "2"]
[White "Vogl, Zdenek"]
[Black "Rendl, Lubos"]
[Result "0-1"]
[WhiteElo "1834"]
[BlackElo "1423"]
[PlyCount "100"]
[EventDate "2023.08.19"]
[EventType "swiss"]
[EventRounds "9"]
[EventCountry "SVK"]
[SourceTitle "CBM 215 Extra"]
[Source "ChessBase"]
[SourceDate "2023.09.30"]
[SourceVersion "1"]
[SourceVersionDate "2023.09.30"]
[SourceQuality "1"]

1. e4 e5 2. Nf3 Nc6 3. Bb5 a6 4. Ba4 Nf6 5. 0-0 b5 6. Bb3 Be7 7. Re1 0-0 8. c3 Bb7 9. d3 d6 10. Nbd2 a5 11. a3 Nb8 12. Nf1 c5 13. Ng3 Bc8 14. h3 Nfd7 15. Nf5 Nb6 16. Nxe7+ Qxe7 17. Bg5 Qc7 18. d4 c4 19. Bc2 f6 20. Be3 Be6 21. d5 Bf7 22. Nh4 a4 23. Rf1 N8d7 24. Nf5 Rae8 25. h4 Bg6 26. Ng3 Nc8 27. h5 Bf7 28. Qg4 Kh8 29. Kh2 Rg8 30. Rh1 Ne7 31. Kg1 Nc5 32. Nf5 Nxf5 33. Qxf5 Nd7 34. Bd1 g5 35. Bg4 Re7 36. Qf3 Kg7 37. h6+ Kf8 38. Bf5 Bg6 39. Bxd7 Qxd7 40. Bxg5 Bxe4 41. Qxe4 Rxg5 42. Re1 f5 43. Qh4 Rg6 44. Re3 f4 45. Rf3 Qf5 46. g3 Qe4 47. Qh5 Qxd5 48. Qf5+ Qf7 49. Qc8+ Re8 50. Qc6 e4 0-1

[Event "CZE-ch U12"]
[Site "Teplice"]
[Date "2023.03.17"]
[Round "8"]
[White "Boff, Ondrej"]
[Black "Rendl, Lubos"]
[Result "1-0"]
[WhiteElo "1561"]
[BlackElo "1477"]
[PlyCount "51"]
[EventDate "2023.03.11"]
[EventType "swiss"]
[EventRounds "9"]
[EventCountry "CZE"]
[SourceTitle "CBM 213 Extra"]
[Source "ChessBase"]
[SourceDate "2023.05.31"]
[SourceVersion "1"]
[SourceVersionDate "2023.05.31"]
[SourceQuality "1"]

1. e4 e5 2. Bc4 Nf6 3. d3 c6 4. Nf3 d5 5. Bb3 a5 6. a3 a4 7. Ba2 Bd6 8. Nc3 Be6 9. Bg5 Ra5 10. Qd2 Nbd7 11. 0-0 0-0 12. Rfe1 d4 13. Ne2 Bxa2 14. Rxa2 Rb5 15. Ng3 g6 16. Bh6 Re8 17. Nf5 Nf8 18. Ng7 Re7 19. Nh4 Ne6 20. Nhf5 Rd7 21. Nxe6 fxe6 22. Nxd6 Rxd6 23. f4 exf4 24. e5 Rxe5 25. Rxe5 Ng4 26. Bg5 1-0